| 000 | 01352nam a2200337 c 4500 | ||
|---|---|---|---|
| 003 | BLK | ||
| 005 | 20180420235129.0 | ||
| 008 | 180411b bul|||||r ||||||| ||bul|| | ||
| 010 | _aKNG00176011000 | ||
| 020 |
_a954-500-029-5 _bиздат.: Борина |
||
| 040 | _aBLK | ||
| 041 |
_aBUL _cBUL |
||
| 080 |
_aИздания за деца и юноши. Книжки-картинки. Читанки. Вж и 372.4 _b087.5 _x:91 _z087.5:91 |
||
| 080 |
_aГеография _b91 _x:087.5 _z91:087.5 |
||
| 100 | 1 |
_aКанджева, Вяра Николова _eпърви автор _975944 |
|
| 700 | 1 |
_aПетров, Марио _eхудож. _9337741 |
|
| 139 |
_aКанджева, Вяра Николова _bК 25 |
||
| 245 | 1 | 0 |
_aПриключения в географията _bНаучнопопул. четиво за деца _cВяра Николова Канджева; худож. Марио Петров. |
| 257 | _aBGR | ||
| 260 |
_аСофия _bБорина _c1993 |
||
| 300 |
_a159 с. _bс ил. _c24 см |
||
| 380 | _aDN | ||
| 650 | 4 |
_aГеография _9151794 |
|
| 653 | _aгеография | ||
| 653 | _aнаучно-популярни книги | ||
| 852 | _aЦб 178666 | ||
| 856 | 4 |
_qpdf _u |
|
| 856 | 4 |
_qpdf _u |
|
| 942 |
_cKNG _n0 |
||
| 944 |
_aCR _c29.05.2015 _kХристина_Везирева |
||
| 944 |
_aED _c29.05.2015 _kХристина_Везирева |
||
| 999 |
_c168140 _d168140 |
||